| 000 | 00627nam a2200193 i 4500 | ||
|---|---|---|---|
| 001 | 182331 | ||
| 003 | ES-MaACL | ||
| 005 | 20240324063007.0 | ||
| 008 | 130805s1989 sp | |||| ||spa d | ||
| 080 | _a821.134.2-14"19" | ||
| 100 | 1 |
_aCilleruelo, José Ángel, _d1960- _938828 |
|
| 245 | 1 | 0 |
_aDía de playa _b: (city diary, 1989) / _cJosé Ángel Cilleruelo. |
| 260 |
_aAvilés (Asturias) : _bCuadernos de Cristal, _c[1989] |
||
| 300 |
_a[8] p. ; _c22 cm. |
||
| 490 | 1 |
_aCuadernos de cristal ; _v15 |
|
| 830 | 0 |
_aCuadernos de cristal ; _v15 _9191749 |
|
| 852 |
_aES-MaACL _j2317-F-33 |
||
| 999 |
_c182331 _d182331 |
||